La justice en France (Record no. 106063)

MARC details
000 -LEADER
campo de control de longitud fija 00752nam a2200217 i 4500
001 - NÚMERO DE CONTROL
campo de control 106063
003 - IDENTIFICADOR DE NÚMERO DE CONTROL
campo de control ES-MaACL
007 - CAMPO FIJO DE DESCRIPCIÓN FÍSICA--INFORMACIÓN GENERAL
campo de control de longitud fija t|
008 - DATOS DE LONGITUD FIJA--INFORMACIÓN GENERAL
campo de control de longitud fija 060925s1976 fr ||||1| fre d
080 ## - NÚMERO DE LA CLASIFICACIÓN DECIMAL UNIVERSAL
Número de la Clasificación Decimal Universal 347.97/.99(44)
080 ## - NÚMERO DE LA CLASIFICACIÓN DECIMAL UNIVERSAL
Número de la Clasificación Decimal Universal 342.722.1(44)
100 1# - ENTRADA PRINCIPAL--NOMBRE DE PERSONA
Nombre de persona Charvin, Robert.
9 (RLIN) 38144
245 13 - MENCIÓN DEL TÍTULO
Título La justice en France
Resto del título : mutations de l'appareil judiciaire et lutte de classes /
Mención de responsabilidad, etc. Robert Charvin ; avec la collaboration de Gérard Quiot.
260 ## - PUBLICACIÓN, DISTRIBUCIÓN, ETC.
Lugar de publicación, distribución, etc. Paris :
Nombre del editor, distribuidor, etc. Editions Sociales,
Fecha de publicación, distribución, etc. [1976]
300 ## - DESCRIPCIÓN FÍSICA
Extensión 142 p. ;
Dimensiones 19 cm.
500 ## - NOTA GENERAL
Nota general Biblioteca Juan Andrade.
650 14 - PUNTO DE ACCESO ADICIONAL DE MATERIA--TÉRMINO DE MATERIA
Término de materia o nombre geográfico como elemento de entrada Administración de justicia-
Subdivisión geográfica Francia.
9 (RLIN) 9627
650 14 - PUNTO DE ACCESO ADICIONAL DE MATERIA--TÉRMINO DE MATERIA
Término de materia o nombre geográfico como elemento de entrada Igualdad ante la ley-
Subdivisión geográfica Francia.
9 (RLIN) 13580
700 1# - ENTRADA AGREGADA--NOMBRE PERSONAL
Nombre de persona Quiot, Gérard.
9 (RLIN) 94756
852 ## - LOCALIZACIÓN
Ubicación ES-MaACL
Número de control de estantería AND-721
Sublocalización o colección R.110017
Holdings
Estatus retirado Estado de pérdida Estado de daño No para préstamo Biblioteca de origen Biblioteca actual Ubicación en estantería Fecha de adquisición Fuente de adquisición Total de préstamos Signatura topográfica completa Código de barras Visto por última vez Precio de reemplazo Tipo de ítem Koha
        Biblioteca del Ateneo de Madrid Biblioteca del Ateneo de Madrid Depósito 2 17/01/2008     AND-721 1110725 23/02/2023 23/02/2023 Libro impreso